Normal view
MARC view
Entry Personal Name
001 - CONTROL NUMBER
- control field: 52639
003 - CONTROL NUMBER IDENTIFIER
- control field: ARRUPE
005 - DATE AND TIME OF LATEST TRANSACTION
- control field: 20240415114209.0
008 - FIXED-LENGTH DATA ELEMENTS
- fixed length control field: 240415|| aca||aabn | a|a d
040 ## - CATALOGING SOURCE
- Original cataloging agency: ARRUPE
- Transcribing agency: ARRUPE
100 ## - HEADING--PERSONAL NAME
- Personal name: Griffin. Keith
670 ## - SOURCE DATA FOUND
- Source citation: Work cat.: (ARRUPE)131863: Griffin. Keith, Institutional reformand economic development in the Chinese countryside., 1984